| 000 | 00887nam a2200313Ia 4500 | ||
|---|---|---|---|
| 003 | OSt | ||
| 005 | 20220912145820.0 | ||
| 006 | a|||||r|||| 00| 0 | ||
| 007 | ta | ||
| 008 | 220909b |||||||| |||| 00| 0 eng d | ||
| 020 | _a8170088534 (pbk) | ||
| 024 | _a81536 | ||
| 037 | _b301, 25/09/2008, Total Books India | ||
| 037 | _cTextual | ||
| 040 |
_aCSL _beng _cCSL |
||
| 041 | _aeng | ||
| 082 | _aD:2, N0;P5.1 | ||
| 100 | _aPunmia B C | ||
| 245 | 0 | _aSurveying | |
| 250 | _a16 | ||
| 260 |
_aBanglore _bLaxmi Publications Ltd. _c2005 |
||
| 300 |
_ap. _ccm. |
||
| 500 | _aAppendix 493-530p.; Index 531-536p. | ||
| 650 | _aComputer science | ||
| 700 | _a Jain Arun Kumar | ||
| 700 | _a Jain Ashok Kumar | ||
| 942 |
_hD:2, N0;P5.1 _cTEXL _2CC |
||
| 999 |
_c38913 _d38913 |
||